Obytný hybrid
Na minha lista:
| Autor principal: | |
|---|---|
| Outros Autores: | |
| Formato: | Manuscrito Livro |
| Idioma: | eslovaco |
| Publicado em: |
2025
|
| Assuntos: | |
| Acesso em linha: | http://is.stuba.sk/zp/portal_zp.pl?podrobnosti=185391 |
| Tags: |
Sem tags, seja o primeiro a adicionar uma tag!
|
MARC
| LEADER | 00000ntm a22000003a 4500 | ||
|---|---|---|---|
| 001 | stuzp104555 | ||
| 003 | SK-STU | ||
| 005 | 20250607210605.7 | ||
| 007 | ta | ||
| 008 | 150427s2015----xo-----f-mn---000-0-slo-d | ||
| 040 | |a STU |b slo | ||
| 041 | 0 | |a slo | |
| 100 | 1 | |a Cidorík, Matej |u 051110 |4 aut |U FAD Fakulta architektúry a dizajnu |T FAD Ústav architektúry obytných budov |X 103805 |U A1110 |Y 392 |7 103805 | |
| 242 | 0 | 1 | |a Residential Hybrid |y eng |
| 245 | 1 | 0 | |a Obytný hybrid |
| 260 | |c 2025 | ||
| 650 | 4 | |a residential hybrid |2 eng | |
| 650 | 4 | |a sustainable mobility |2 eng | |
| 650 | 4 | |a Petržalka |2 eng | |
| 650 | 4 | |a public space |2 eng | |
| 650 | 4 | |a high-rise building |2 eng | |
| 650 | 4 | |a udržateľná mobilita |2 slo | |
| 650 | 4 | |a Petržalka |2 slo | |
| 650 | 4 | |a verejný priestor |2 slo | |
| 650 | 4 | |a výšková budova |2 slo | |
| 650 | 4 | |a obytný hybrid |2 slo | |
| 700 | 1 | |a Czafík, Michal |u 051110 |k Z1 |4 ths |U FAD Fakulta architektúry a dizajnu |T FAD Ústav architektúry obytných budov |X 28172 |U A1110 |Y 392 |7 A000028172 | |
| 856 | 4 | |u http://is.stuba.sk/zp/portal_zp.pl?podrobnosti=185391 | |